Najludniejsze państwa świata - Statystyki

Ogólne statystyki
  • Ten quiz został rozwiązany 893 razy
  • Średni wynik to 12 z 15
Statystyki odpowiedzi
ludność państwo % Poprawnych
02. 1 410 539 758 Chiny/Chińska republika ludowa
99%
01. 1 441 415 000 Indie
98%
09. 142 021 981 Rosja
96%
03. 337 341 954 USA
96%
07. 217 240 060 Brazylia
90%
11. 124 214 766 Japonia
84%
10. 129 150 971 Meksyk
82%
04. 277 329 163 Indonezja
79%
06. 225 082 083 Nigeria
74%
15. 107 770 524 Egipt
70%
05. 242 923 845 Pakistan
67%
08. 165 650 475 Bangladesz
64%
14. 108 407 721 Demokratyczna republika konga
59%
12. 114 597 229 Filipiny
48%
13. 113 656 596 Etiopia
45%
Nie znaleziono quizów pasujących do podanych kryteriów
Rozkład punktacji
Procent ludzi z każdym wynikiem
Percentyl według liczby udzielonych odpowiedzi
Twoja historia wyników
Nie rozwiązałeś tego quizu